000 00626cam a2200145 4500500
005 20260208010000.0
041 _afre
042 _adc
100 1 0 _aMizuno, Hisashi
_eauthor
245 0 0 _aMARINA MURES¸ANU IONESCU, Eminescu et Nerval : un intertexte possible. Institutul European, « Espaces Francophones », Ias¸i, 2008. Un vol. de 282 p.
260 _c2010.
500 _a25
786 0 _nRevue d'histoire littéraire de la France | 109 | 4 | 2010-01-06 | p. 937za-982za | 0035-2411
856 4 1 _uhttps://shs.cairn.info/revue-d-histoire-litteraire-de-la-france-2009-4-page-937za?lang=fr&redirect-ssocas=7080
999 _c1654685
_d1654685